000 00320nam a22001337a 4500
008 181101b xxu||||| |||| 00| 0 eng d
020 _a9781893349100
041 _aeng
080 _a159.9
100 _a48
101 _aPSI
245 _aLiving with Grieff Diversity and End-Of-Life Care
_cDoka,K.J
942 _2udc
_cBK
999 _c51474
_d51474